Změň svůj dech a začnou se dít věci /
Kniha představuje principy funkčního dýchání a zároveň ukazuje, jak zlepšit svůj život v mnoha ohledech.
Uloženo v:
| Hlavní autor: | |
|---|---|
| Další autoři: | |
| Médium: | E-kniha |
| Jazyk: | Czech |
| Vydáno: |
V Brně :
CPress,
2023
|
| Vydání: | 1. vydání |
| Témata: | |
| Tagy: |
Žádné tagy |
| LEADER | 02965nam a2200589 i 4500 | ||
|---|---|---|---|
| 001 | 312090 | ||
| 003 | CZ PrSKC | ||
| 005 | 20260601215716.0 | ||
| 007 | ta | ||
| 008 | 230831s2023 xr a e f 000 0 cze | ||
| 015 | |a cnb003545601 | ||
| 020 | |a 9788026448556 |q (vázáno) : |c Kč 399,00 | ||
| 035 | |a (OCoLC)1408816796 | ||
| 040 | |a OLA001 |b cze |e rda | ||
| 072 | 7 | |a 615.8 |x Fyzioterapie. Psychoterapie. Alternativní lékařství |2 Konspekt | |
| 080 | |a 612.2 |2 MRF | ||
| 080 | |a 615.8 |2 MRF | ||
| 080 | |a 615.832 |2 MRF | ||
| 080 | |a 613 |2 MRF | ||
| 080 | |a 613.2 |2 MRF | ||
| 080 | |a 615.825:612.21 |2 MRF | ||
| 080 | |a (035) |2 MRF | ||
| 100 | 1 | |a Václavek, Rostislav, |d 1979- |7 xx0306438 |4 aut | |
| 245 | 1 | 0 | |a Změň svůj dech a začnou se dít věci / |c Rostislav Václavek, Petra Macháčková |
| 250 | |a 1. vydání | ||
| 264 | 1 | |a V Brně : |b CPress, |c 2023 | |
| 300 | |a 247 stran : |b barevné ilustrace ; |c 21 cm | ||
| 336 | |a text |b txt |2 rdacontent | ||
| 337 | |a bez média |b n |2 rdamedia | ||
| 338 | |a svazek |b nc |2 rdacarrier | ||
| 500 | |a Obsahuje QR kódy s odkazy na videa | ||
| 500 | |a Dotisk v roce 2025 | ||
| 520 | 2 | |a Kniha představuje principy funkčního dýchání a zároveň ukazuje, jak zlepšit svůj život v mnoha ohledech. |b Věřili byste, že něco tak obyčejného jako dech zásadně působí na kvalitu spánku, navyšování výkonu ve sportu, fungování trávicího systému i zvládání stresových situací? Nebo že může eliminovat projevy PMS, migrén, ADHD či astmatu? Objevte s certifikovaným master instruktorem systémů OXYGEN ADVANTAGE a BUTEYKO a zakladatelem holistického přístupu 5 PILÍŘŮ ZDRAVÍ nečekané souvislosti! Vše prakticky, funkčně a s lehkostí - zkrátka tak, že se biochemie dechu přirozeně propojí s pohybem i mentálním nastavením. Nakladatelská anotace. Kráceno. | |
| 650 | 0 | 7 | |a dýchání |7 ph119767 |x terapeutické aspekty |2 czenas |
| 650 | 0 | 7 | |a otužování |7 ph347582 |2 czenas |
| 650 | 0 | 7 | |a životospráva |7 ph128035 |2 czenas |
| 650 | 0 | 7 | |a racionální výživa |7 ph124968 |2 czenas |
| 650 | 0 | 7 | |a dechová cvičení |7 ph234827 |2 czenas |
| 650 | 0 | 9 | |a respiration |x therapeutic aspects |2 eczenas |
| 650 | 0 | 9 | |a body hardening |2 eczenas |
| 650 | 0 | 9 | |a health behavior |2 eczenas |
| 650 | 0 | 9 | |a rational nutrition |2 eczenas |
| 650 | 0 | 9 | |a breathing exercises |2 eczenas |
| 655 | 7 | |a příručky |7 fd133209 |2 czenas | |
| 655 | 9 | |a handbooks and manuals |2 eczenas | |
| 700 | 1 | |a Macháčková, Petra |7 ola20231200533 |4 aut | |
| 900 | |a ABA001 |b 19 | ||
| 928 | 9 | |a Albatros Media - CPress | |
| 044 | |a xr | ||
| 910 | |a RBIT002 | ||
| 998 | |d 386638 |a https://core.palmknihy.cz/api/books/386638/cover?si7krb |b https://core.palmknihy.cz/api/books/386638/cover/400?si7krb |c https://core.palmknihy.cz/api/books/386638/cover/50?si7krb |e 2033-12-31 |g 248 |i 9788026448556 |k https://core.palmknihy.cz/api/books/386638/preview.pdf |l |q 49 |r 1 |s https://www.palmknihy.cz/kniha/386638 |t ebook |y 2023 |z 0 | ||
| 999 | |d 312088 | ||